LDR 00854naa#a2200181#i#450# 001 EN\\bibl\120559 005 20260417151544.5 011 ## _a2073-5537 100 ## _a20260416b2026####ek#y0engy0150####ca 102 ## _aRU 200 1# _aOn the interaction of economic complexes in the Astrakhan region _eJournal article 210 1# _aAstrakhan _cAstrakhan State Technical University _d2026 215 ## _a5 с. 608 ## _aJournal article _2local 675 ## _aОрганизация производства (производственного процесса). Производственное планирование. Конструирование. Контроль на производстве. 658.5 _aНалоги на энергетику. 336.226.46 _z 700 #1 _aSemenov _gKonstantin Sergeevich 700 #1 _aSemenov _gSergei Konstantinovich 856 4# _avestnik.astu.org _u